Medzinárodné zmluvy o zamedzení dvojitého zdanenia platné pre SR

Na minha lista:
Detalhes bibliográficos
Formato: Livro
Idioma:eslovaco
Publicado em: Bratislava EPOS, Ing. Miroslav Mračko 2005
Colecção:Priebežne aktualizované príručky
Assuntos:
Tags: Adicionar Tag
Sem tags, seja o primeiro a adicionar uma tag!

MARC

LEADER 00000nam$a2200000$$$4500
001 0046815
005 20240313133156.5
020 |a 80-8057-654-8 
041 0 |a slo 
044 |a SK 
245 1 0 |a Medzinárodné zmluvy o zamedzení dvojitého zdanenia platné pre SR 
264 1 |a Bratislava  |b EPOS, Ing. Miroslav Mračko  |c 2005 
300 |a 479 s.  |e 1 príl. (Oznámenie Ministerstva zahraničných vecí SR ...) 
490 1 |a Priebežne aktualizované príručky 
830 0 |a Priebežne aktualizované príručky 
610 2 0 |a zmluvy medzinárodné 
610 2 0 |a zdanenie dvojité 
610 2 0 |a dane 
610 2 0 |a vyhlášky 
610 2 0 |a vzťahy medzinárodné 
610 2 0 |a dohody medzinárodné 
610 2 0 |a predpisy právne 
610 2 0 |a Slovensko